| 000 | 01230cam a2200325 a 4500 | ||
|---|---|---|---|
| 999 |
_c2216 _d2216 |
||
| 001 | .b22465418 | ||
| 003 | OSt | ||
| 005 | 20230331085031.0 | ||
| 008 | 151006s2008 enk g 000 1 eng d | ||
| 020 |
_a9780552554435 _q(pbk.) : |
||
| 040 |
_aUKM _beng _cUKM _dBTCTA _dVP@ _dAU@ _dYDXCP _dOCLCQ _dOCLCO _dCNKFP _dOCLCO _dOCLCQ _dAUMCS _dFCU _dKH8 |
||
| 041 | 0 | _aeng | |
| 042 | _anbic | ||
| 043 | _ae-uk--- | ||
| 044 |
_axxk _benk |
||
| 082 | 0 | _a823.914 WIL | |
| 100 | 1 |
_aWilson, Jacqueline. _eauthor |
|
| 245 | 1 | 0 |
_aMy sister Jodie / _cJacqueline Wilson ; illustrated by Nick Sharratt. |
| 250 | _aCorgi ed., 2009. | ||
| 260 |
_aLondon, England : _bCorgi, _c2009. |
||
| 300 |
_a398 p. : _bill. ; _c23 cm. |
||
| 500 | _aOriginally published: London: Doubleday Children's. | ||
| 520 | _aTwo sisters spend a bizarre summer holiday at a gothic boarding school and learn that, although they are different, when times are hard they can always count on each other. | ||
| 650 | 0 |
_aSisters _vJuvenile fiction. |
|
| 650 | 0 |
_aBoarding schools _zGreat Britain _vJuvenile fiction. |
|
| 650 | 0 |
_aSisters _vJuvenile fiction. |
|
| 650 | 0 |
_aBoarding schools _zGreat Britain _vJuvenile fiction. |
|
| 700 | 1 |
_aSharratt, Nick. _eill |
|
| 942 |
_2ddc _cNFIC |
||